Geography Quiz

Random Geography or Asia Quiz

🌌 Closest cities to Indonesia Quiz Stats

 Plays Quiz not verified by Sporcle

Score 0/20 Timer 06:00
0 Plays Today
km City % Correct
13Singapore
96.6%
112Kuala Lumpur
94.4%
995Bangkok
84.8%
1,203Manila
80.6%
1,812Hanoi
77.3%
684Ho Chi Minh City
71.1%
822Phnom Penh
66.4%
1,209Yangon
57.9%
307Davao City
36.7%
1,212Quezon City
35.9%
km City % Correct
36Johor Bahru
31%
1,778Mandalay
27.1%
1,853Chittagong
25.2%
1,812Chennai
24.8%
1,704Haikou
14.5%
1,783Haiphong
13.5%
1,207Caloocan
8.8%
629Cần Thơ
8.6%
1,843Visakhapatnam
4.5%
1,840Zhanjiang
3%

You're not logged in!

Compare scores with friends on all Sporcle quizzes.
OR
Log In

Show Comments

Extras

Top Quizzes Today


Score Distribution

Your Account Isn't Verified!

In order to create a playlist on Sporcle, you need to verify the email address you used during registration. Go to your Sporcle Settings to finish the process.

Report this User

Report this user for behavior that violates our Community Guidelines.

Details: